|
|
|
|
| LEADER |
00000naa0a2200000 4500 |
| 001 |
646966 |
| 005 |
20250611094328.0 |
| 035 |
|
|
|a (RuTPU)RU\TPU\network\12103
|
| 090 |
|
|
|a 646966
|
| 100 |
|
|
|a 20160322d2015 k||y0rusy50 ba
|
| 101 |
0 |
|
|a eng
|
| 102 |
|
|
|a ES
|
| 135 |
|
|
|a drcn ---uucaa
|
| 181 |
|
0 |
|a i
|
| 182 |
|
0 |
|a b
|
| 200 |
1 |
|
|a Language training for academic staff of an engineering university
|f O. M. Ovchinnikova, O. S. Lutoshkina
|
| 203 |
|
|
|a Text
|c electronic
|
| 300 |
|
|
|a Title screen
|
| 463 |
|
|
|t Education and New Learning Technologies, EDULEARN 15
|v [P. 6449-6454]
|o Proceedings 7th International Conference, Barcelona, Spain, 6-8 July, 2015
|d 2015
|
| 610 |
1 |
|
|a электронный ресурс
|
| 610 |
1 |
|
|a труды учёных ТПУ
|
| 610 |
1 |
|
|a инженерные вузы
|
| 610 |
1 |
|
|a языковая подготовка
|
| 610 |
1 |
|
|a преподаватели
|
| 700 |
|
1 |
|a Ovchinnikova
|b O. M.
|c linguist
|c Associate Professor of Tomsk Polytechnic University, candidate of pedagogical sciences
|f 1953-
|g Olga Mikhaylovna
|3 (RuTPU)RU\TPU\pers\36389
|
| 701 |
|
1 |
|a Lutoshkina
|b O. S.
|c linguist
|c lecturer of Tomsk Polytechnic University
|f 1981-
|g Olga Sergeevna
|3 (RuTPU)RU\TPU\pers\36325
|
| 712 |
0 |
2 |
|a Национальный исследовательский Томский политехнический университет (ТПУ)
|b Институт развития стратегического партнерства и компетенций (ИСПК)
|b Кафедра методики преподавания иностранных языков (МПИЯ)
|3 (RuTPU)RU\TPU\col\18976
|
| 801 |
|
2 |
|a RU
|b 63413507
|c 20161010
|g RCR
|
| 850 |
|
|
|a 63413507
|
| 856 |
4 |
|
|u https://library.iated.org/view/OVCHINNIKOVA2015LAN
|
| 942 |
|
|
|c CF
|